[Event "Paderborn op"]
[Site "Paderborn"]
[Date "2006.??.??"]
[Round "1"]
[White "Theile Rasche, Ingo"]
[Black "Rueberg, Jobst"]
[Result "0-1"]
[WhiteElo "2000"]
[BlackElo "2242"]
[PlyCount "48"]
[EventDate "2006.??.??"]
[EventType "swiss"]
[EventRounds "7"]
[EventCountry "GER"]
[SourceTitle "EXT 2010"]
[Source "ChessBase"]
[SourceDate "2010.11.25"]
[SourceVersion "1"]
[SourceVersionDate "2010.11.25"]
[SourceQuality "1"]

1. d4 Nf6 2. Nf3 e6 3. e3 c5 4. Bd3 Be7 5. c3 cxd4 6. exd4 b6 7. 0-0 Bb7 8. Re1 0-0 9. Nbd2 d6 10. Ne4 Nbd7 11. Nfg5 Nxe4 12. Nxe4 Nf6 13. Nxf6+ Bxf6 14. Re3 g6 15. Rg3 e5 16. d5 Bh4 17. Rg4 f5 18. Rxh4 Qxh4 19. g3 Qf6 20. Bh6 Rf7 21. h4 Bxd5 22. Bb5 Qe6 23. Qa4 f4 24. Rd1 fxg3 0-1

[Event "Goch op 15th"]
[Site "Goch"]
[Date "2004.10.03"]
[Round "6"]
[White "Theile Rasche, Ingo"]
[Black "Rothkugel, Wolfgang"]
[Result "1-0"]
[WhiteElo "2008"]
[BlackElo "2103"]
[PlyCount "67"]
[EventDate "2004.09.30"]
[EventType "swiss"]
[EventRounds "7"]
[EventCountry "GER"]
[SourceTitle "EXT 2006"]
[Source "ChessBase"]
[SourceDate "2005.11.24"]
[SourceVersion "1"]
[SourceVersionDate "2005.11.24"]
[SourceQuality "1"]

1. d4 Nf6 2. Nf3 d6 3. e3 g6 4. Bd3 Bg7 5. 0-0 Nbd7 6. e4 e5 7. c3 0-0 8. Re1 c6 9. Nbd2 Qc7 10. Nf1 Re8 11. Ng3 Nf8 12. h3 Ne6 13. Ng5 h6 14. Nxe6 Bxe6 15. b3 Rad8 16. f4 exf4 17. Bxf4 g5 18. Bxd6 Qxd6 19. e5 Qc7 20. exf6 Qxg3 21. Rxe6 Rxe6 22. fxg7 Rde8 23. Qd2 Re3 24. Bc4 Kxg7 25. Rf1 R8e7 26. d5 Qe5 27. d6 Rd7 28. Rxf7+ Rxf7 29. Bxf7 Re1+ 30. Kf2 Re4 31. Bh5 Rf4+ 32. Bf3 Rf6 33. d7 Rd6 34. d8Q 1-0

[Event "Goch op 15th"]
[Site "Goch"]
[Date "2004.10.02"]
[Round "5"]
[White "Gross, Karl"]
[Black "Theile Rasche, Ingo"]
[Result "1-0"]
[WhiteElo "1984"]
[BlackElo "2008"]
[PlyCount "35"]
[EventDate "2004.09.30"]
[EventType "swiss"]
[EventRounds "7"]
[EventCountry "GER"]
[SourceTitle "EXT 2006"]
[Source "ChessBase"]
[SourceDate "2005.11.24"]
[SourceVersion "1"]
[SourceVersionDate "2005.11.24"]
[SourceQuality "1"]

1. e4 e6 2. Nf3 b6 3. d4 Bb7 4. Bd3 c5 5. c3 cxd4 6. cxd4 Nf6 7. Qe2 Bb4+ 8. Nc3 0-0 9. 0-0 Bxc3 10. bxc3 Nc6 11. e5 Ne8 12. Bxh7+ Kxh7 13. Ng5+ Kg6 14. h4 Rh8 15. Qd3+ f5 16. exf6+ Kxf6 17. Qf3+ Kg6 18. Qf7+ 1-0

[Event "Goch op 15th"]
[Site "Goch"]
[Date "2004.10.02"]
[Round "4"]
[White "Theile Rasche, Ingo"]
[Black "Steinschuld, Jo"]
[Result "1-0"]
[WhiteElo "2008"]
[BlackElo "1458"]
[PlyCount "95"]
[EventDate "2004.09.30"]
[EventType "swiss"]
[EventRounds "7"]
[EventCountry "GER"]
[SourceTitle "EXT 2006"]
[Source "ChessBase"]
[SourceDate "2005.11.24"]
[SourceVersion "1"]
[SourceVersionDate "2005.11.24"]
[SourceQuality "1"]

1. d4 g6 2. Nf3 Bg7 3. e4 c5 4. c3 Qb6 5. Be2 Nc6 6. d5 Ne5 7. Nxe5 Bxe5 8. Qb3 Qc7 9. g3 d6 10. 0-0 Bg7 11. Bg5 Nh6 12. Bb5+ Bd7 13. Bxd7+ Qxd7 14. Bxh6 Bxh6 15. c4 0-0 16. Qd3 Bg7 17. Nc3 Rfb8 18. Rab1 a6 19. b4 b6 20. Ne2 a5 21. b5 Rf8 22. f4 f5 23. exf5 Qxf5 24. Qxf5 Rxf5 25. Rf3 Raf8 26. Rbf1 h5 27. h3 Rc8 28. g4 hxg4 29. hxg4 Rf7 30. Kg2 Bb2 31. a4 Rh7 32. Rh1 Rf8 33. Rxh7 Kxh7 34. Ng3 Kg7 35. f5 g5 36. Nh5+ Kh6 37. Re3 Be5 38. Rh3 Rh8 39. Nf4+ Kg7 40. Rxh8 Kxh8 41. Ng6+ Kg7 42. Nxe7 Kf7 43. Nc8 Ke8 44. Nxb6 Kd8 45. Na8 Kc8 46. b6 Kb7 47. Nc7 Kxb6 48. Ne8 1-0